000
00420nam a2200145Ia 4500
008
090123s9999 xx 000 0 und d
082
_b
25652
245
_a
सामरी की ज्वाला
250
_a
0
260
_b
राज पॉकेट बुक्स
300
_a
64
630
_a
सामरी की ज्वाला
730
_a
सामरी की ज्वाला
942
_c
BOOK
999
_c
63723
_d
63723